| 000 | 01017cad a22002055a 4500 | ||
|---|---|---|---|
| 001 | L153298 | ||
| 008 | 110707s2011 xxk f 000 0 eng d | ||
| 035 | _a(Sirsi) u153298 | ||
| 041 | 0 | _aeng | |
| 100 | 1 | _aDeCort, Paul | |
| 245 | 0 | 0 |
_aBuilding Regulations 2013 review and energy performance of buildings directive _bBEAMA Conference, March 2011 _h[electronic resource] |
| 260 |
_a[S.l.] _bDCLG _c2011 |
||
| 520 | _aPresents an overview of the background, consultation and future requirements of the Building Regulations to ensure they continue to operate effectively in the future. | ||
| 590 | _aKA | ||
| 651 | 4 |
_aUnited Kingdom _y |
|
| 690 |
_aBuilding regulations _96224 |
||
| 710 | 1 |
_aUnited Kingdom _bDepartment for Communities and Local Government _94939 |
|
| 856 | 4 | 0 |
_uhttps://www.voltimum.co.uk/popup.php?url=doc_download.php%3Ffilename%3D.%252Ffiles%252Fgb%252Fothers%252FN%252F2011032374662011032383066889.pdf&subtitle=Download Attachment _zView the item free of charge at www.voltimum.co.uk |
| 942 | _n0 | ||
| 999 |
_c112453 _d112453 |
||